Central Library OPAC University of Rajshahi

Shakespeare, his world & his work. / (Record no. 55268)

MARC details
000 -LEADER
fixed length control field 00895nam a2200253 a 4500
001 - CONTROL NUMBER
control field 55268
003 - CONTROL NUMBER IDENTIFIER
rucl marc code BD-RjUL
005 - DATE AND TIME OF LATEST TRANSACTION
control field 20211209080236.0
008 - FIXED-LENGTH DATA ELEMENTS--GENERAL INFORMATION
fixed length control field 161115s19641953nyuab b 000 0beng
035 ## - SYSTEM CONTROL NUMBER
System control number (BD-RjUL)55390
040 ## - CATALOGING SOURCE
Original cataloging agency DLC
Transcribing agency OCo
Modifying agency BD-RjUL
-- DLC
Language of cataloging eng
041 ## - LANGUAGE CODE
Language code of text/sound track or separate title eng
082 ## - DEWEY DECIMAL CLASSIFICATION NUMBER
Edition number 23
Classification number 822.33
Author mark and year RES 1964
100 1# - MAIN ENTRY--PERSONAL NAME
Personal name Reese, M. M.
Fuller form of name (Max Meredith),
Dates associated with a name 1910-
9 (RLIN) 164662
245 10 - TITLE STATEMENT
Title Shakespeare, his world & his work. /
Statement of responsibility, etc. M M Reese
260 ## - PUBLICATION, DISTRIBUTION, ETC. (IMPRINT)
Place of publication, distribution, etc. New York :
Name of publisher, distributor, etc. St. Martin's Press,
Date of publication, distribution, etc. 1953.
300 ## - PHYSICAL DESCRIPTION
Pagination xiii, 589 p. :
Illustrations illus., ;
Size 22 cm.
504 ## - BIBLIOGRAPHY, ETC. NOTE
Bibliography, etc Bibliography: p. 566-568.
600 10 - SUBJECT ADDED ENTRY--PERSONAL NAME
Personal name Shakespeare, William,
Dates associated with a name 1564-1616
General subdivision Biography.
Personal name Shakespeare, William,
Dates associated with a name 1564-1616
General subdivision Homes and haunts.
650 #0 - SUBJECT ADDED ENTRY--TOPICAL TERM
Topical term or geographic name as entry element Dramatists, English
Chronological subdivision Early modern, 1500-1700
Form subdivision Biography.
9 (RLIN) 164665
651 #0 - SUBJECT ADDED ENTRY--GEOGRAPHIC NAME
Geographic name Stratford-upon-Avon (England)
Form subdivision Biography.
9 (RLIN) 164666
942 ## - ADDED ENTRY ELEMENTS (KOHA)
Source of classification or shelving scheme Dewey Decimal Classification
Koha item type Books
Holdings
Lost status Source of classification or shelving scheme Damaged status Not for loan Collection code Permanent Location Current Location Shelving location Date acquired Source of acquisition Cost, normal purchase price Total Checkouts Full call number Date last seen Copy number Koha item type
  Dewey Decimal Classification     Non-fiction Central Library, University of Rajshahi Central Library, University of Rajshahi   27/11/1969 Zeitlinger 50.00   822.33 RES 1964 15/11/2016 C-2 Books